| 000 | 01028cam a2200277 a 4500 | ||
|---|---|---|---|
| 999 |
_c1511 _d1511 |
||
| 001 | 741335 | ||
| 003 | OSt | ||
| 005 | 20210628102637.0 | ||
| 008 | 990401s2000 maua b 001 0 eng | ||
| 010 | _a 99026588 | ||
| 020 | _a0321049934 | ||
| 040 |
_aDLC _cDLC _dDLC |
||
| 050 | 0 | 0 |
_aQ180.55 _b.M4G7 2000 |
| 082 | 0 | 0 |
_a001.4/2 _221 |
| 100 | 1 |
_aGraziano, Anthony M., _d1932- |
|
| 245 | 1 | 0 |
_aResearch methods : _ba process of inquiry / _cAnthony M. Graziano, Michael L. Raulin. |
| 250 | _a4th ed. | ||
| 260 |
_aBoston : _bAllyn and Bacon, _cc2000. |
||
| 300 |
_axxiv, 456 p. : _bill. ; _c25 cm. |
||
| 504 | _aIncludes bibliographical references (p. 437-445) and indexes. | ||
| 650 | 0 |
_aResearch _xMethodology. |
|
| 700 | 1 | _aRaulin, Michael L. | |
| 906 |
_a7 _bcbc _corignew _d1 _eocip _f19 _gy-gencatlg |
||
| 942 |
_2lcc _cBK _nJE |
||